[Event "LSS No Engine Cup 191 Preliminary 0"]
[Site "LSS email"]
[Date "2019.07.06"]
[Round "?"]
[White "Koepcke, Klaus Peter"]
[Black "Montarolo, Luca"]
[Result "1-0"]
[WhiteElo "1660"]
[BlackElo "968"]
[PlyCount "35"]
[EventDate "2019.07.07"]
[EventType "tourn (corr)"]
[EventRounds "6"]
[EventCountry "GER"]
[SourceTitle "Corr 2022"]
[Source "ChessBase"]
[SourceDate "2021.10.24"]
[SourceVersion "1"]
[SourceVersionDate "2021.10.24"]
[SourceQuality "1"]

1. d4 f5 2. g3 e6 3. Bg2 Qf6 4. Nf3 Bb4+ 5. c3 Bd6 6. Bg5 Qf7 7. 0-0 Nh6 8. Nbd2 Ng4 9. e4 fxe4 10. Nxe4 Be7 11. h3 d5 12. Nc5 0-0 13. Bxe7 Qxe7 14. hxg4 Bd7 15. Nxb7 Nc6 16. Nc5 Rab8 17. b4 Qf6 18. Nxd7 1-0

[Event "OP-2019-0-04793"]
[Site "LSS email"]
[Date "2019.06.16"]
[Round "?"]
[White "Vodicka, Milan"]
[Black "Montarolo, Luca"]
[Result "1-0"]
[WhiteElo "1920"]
[BlackElo "412"]
[PlyCount "51"]
[EventDate "2019.06.07"]
[EventType "tourn (corr)"]
[EventRounds "4"]
[EventCountry "GER"]
[SourceTitle "Corr 2022"]
[Source "ChessBase"]
[SourceDate "2021.10.24"]
[SourceVersion "1"]
[SourceVersionDate "2021.10.24"]
[SourceQuality "1"]

1. e4 e5 2. Nf3 d6 3. Bc4 Nh6 4. 0-0 Be7 5. d4 Ng4 6. h3 Nf6 7. dxe5 dxe5 8. Qxd8+ Kxd8 9. Nxe5 Ke8 10. Bxf7+ Kd8 11. Rd1+ Bd7 12. Nxd7 Nfxd7 13. e5 Nc6 14. e6 Kc8 15. exd7+ Kd8 16. Nc3 Rf8 17. Bb3 Ne5 18. Ne4 Nxd7 19. Be6 Rf4 20. Rxd7+ Ke8 21. Bxf4 Kf8 22. Rxc7 Rd8 23. Bg5 Bxg5 24. Nxg5 h6 25. Nh7+ Ke8 26. Bf7# 1-0

[Event "ZN-2019-0-03982"]
[Site "LSS email"]
[Date "2019.05.16"]
[Round "?"]
[White "Montarolo, Luca"]
[Black "Neuhausen, Rainer"]
[Result "0-1"]
[WhiteElo "408"]
[BlackElo "916"]
[PlyCount "44"]
[EventDate "2019.04.29"]
[EventType "match (corr)"]
[EventRounds "2"]
[EventCountry "GER"]
[SourceTitle "Corr 2022"]
[Source "ChessBase"]
[SourceDate "2021.10.24"]
[SourceVersion "1"]
[SourceVersionDate "2021.10.24"]
[SourceQuality "1"]

1. e4 e5 2. d4 exd4 3. Qxd4 Nc6 4. Qe3 Nf6 5. Bd2 d6 6. Bc4 Be7 7. Nf3 Bd7 8. 0-0 0-0 9. Nc3 Na5 10. Qd4 Nxc4 11. Bg5 Nb6 12. e5 dxe5 13. Qh4 h6 14. Be3 Nfd5 15. Nxd5 Bxh4 16. Nxb6 axb6 17. Nxh4 Qxh4 18. h3 Rad8 19. Rae1 Bc6 20. c4 Qxc4 21. Rc1 Qd5 22. b3 Qxg2# 0-1

[Event "ZN-2019-0-03982"]
[Site "LSS email"]
[Date "2019.05.16"]
[Round "?"]
[White "Neuhausen, Rainer"]
[Black "Montarolo, Luca"]
[Result "1-0"]
[WhiteElo "916"]
[BlackElo "408"]
[PlyCount "75"]
[EventDate "2019.04.29"]
[EventType "match (corr)"]
[EventRounds "2"]
[EventCountry "GER"]
[SourceTitle "Corr 2022"]
[Source "ChessBase"]
[SourceDate "2021.10.24"]
[SourceVersion "1"]
[SourceVersionDate "2021.10.24"]
[SourceQuality "1"]

1. e4 e5 2. Nf3 d6 3. d4 Bg4 4. Bc4 Nh6 5. dxe5 dxe5 6. Qxd8+ Kxd8 7. Nxe5 Be6 8. Bxh6 gxh6 9. Bxe6 fxe6 10. Nf7+ Ke8 11. Nxh8 Nc6 12. Nc3 Rd8 13. Nb5 a6 14. Nxc7+ Ke7 15. Rd1 Rxd1+ 16. Kxd1 Nd4 17. Na8 Bg7 18. c3 Nc6 19. Nb6 Bxh8 20. Kc2 Ne5 21. h3 Bf6 22. f4 Nc6 23. Rd1 Bh4 24. Rd7+ Kf6 25. Rxh7 Kg6 26. Rxb7 Bg3 27. f5+ exf5 28. exf5+ Kxf5 29. Nd5 Ne5 30. Ne3+ Kf4 31. Nf1 Bf2 32. Rh7 a5 33. Rxh6 Kg5 34. Ra6 Nc4 35. Ra8 Kf4 36. Rf8+ Ke4 37. Rxf2 Ne3+ 38. Nxe3 1-0

[Event "ZN-2019-0-03975"]
[Site "LSS email"]
[Date "2019.04.25"]
[Round "?"]
[White "Montarolo, Luca"]
[Black "Newton, Daryl"]
[Result "0-1"]
[WhiteElo "408"]
[BlackElo "294"]
[PlyCount "86"]
[EventDate "2019.04.17"]
[EventType "match (corr)"]
[EventRounds "2"]
[EventCountry "GER"]
[SourceTitle "Corr 2022"]
[Source "ChessBase"]
[SourceDate "2021.10.24"]
[SourceVersion "1"]
[SourceVersionDate "2021.10.24"]
[SourceQuality "1"]

1. e4 e5 2. d4 Qf6 3. Bc4 Nh6 4. Qh5 c6 5. Bxh6 gxh6 6. Qxe5+ Be7 7. Qxf6 Bxf6 8. e5 d5 9. Bd3 Bg7 10. Nf3 Be6 11. 0-0 Nd7 12. Nbd2 0-0-0 13. b3 h5 14. c4 dxc4 15. bxc4 Rdg8 16. Rab1 Bf8 17. c5 Bh3 18. Nh4 Rg4 19. Nf5 Rxg2+ 20. Kh1 Rhg8 21. Nf3 Kc7 22. N5h4 R2g4 23. Bf5 Bg2+ 24. Nxg2 Rxg2 25. Rb2 Bh6 26. Bxd7 b6 27. Bxc6 Kxc6 28. Re2 Bf4 29. cxb6 axb6 30. Rc2+ Kd5 31. Rb2 R2g6 32. Rb5+ Kc4 33. Rfb1 Rg2 34. Rxb6 Rxf2 35. Rc1+ Bxc1 36. Rc6+ Kd5 37. Rxc1 Rxf3 38. Rc5+ Kxd4 39. Rb5 Rf5 40. a4 Rxe5 41. Rb4+ Kc3 42. Rf4 Re1+ 43. Rf1 Rxf1# 0-1

[Event "ZN-2019-0-03965"]
[Site "LSS email"]
[Date "2019.04.12"]
[Round "?"]
[White "Montarolo, Luca"]
[Black "Churyaev, Aleksej"]
[Result "0-1"]
[WhiteElo "423"]
[BlackElo "890"]
[PlyCount "72"]
[EventDate "2019.04.01"]
[EventType "match (corr)"]
[EventRounds "2"]
[EventCountry "GER"]
[SourceTitle "Corr 2022"]
[Source "ChessBase"]
[SourceDate "2021.10.24"]
[SourceVersion "1"]
[SourceVersionDate "2021.10.24"]
[SourceQuality "1"]

1. e4 d6 2. d4 g6 3. Nc3 Bg7 4. Bb5+ c6 5. Bd3 Bxd4 6. Nce2 Bg7 7. Nf3 h6 8. 0-0 Nd7 9. Bf4 e5 10. Be3 Ne7 11. c4 Qc7 12. Qc1 g5 13. Ng3 0-0 14. Nf5 Nxf5 15. b4 a5 16. b5 c5 17. a4 Nxe3 18. fxe3 Nb6 19. Qe1 f5 20. exf5 Bxf5 21. Bxf5 Rxf5 22. e4 Rf7 23. Qg3 Nxc4 24. Rad1 Ne3 25. Rde1 Nxf1 26. Rxf1 Raf8 27. h3 Rf4 28. Rb1 Rxe4 29. Qf2 Rxa4 30. b6 Qc6 31. g4 Rxf3 32. Qg2 Raa3 33. Qb2 Rg3+ 34. Kh2 Rxh3+ 35. Kg1 Rh1+ 36. Kf2 Qf3# 0-1

[Event "ZN-2019-0-03942"]
[Site "LSS email"]
[Date "2019.02.27"]
[Round "?"]
[White "Montarolo, Luca"]
[Black "Newton, Daryl"]
[Result "1-0"]
[WhiteElo "423"]
[BlackElo "303"]
[PlyCount "129"]
[EventDate "2019.02.17"]
[EventType "match (corr)"]
[EventRounds "2"]
[EventCountry "GER"]
[SourceTitle "Corr 2022"]
[Source "ChessBase"]
[SourceDate "2021.10.24"]
[SourceVersion "1"]
[SourceVersionDate "2021.10.24"]
[SourceQuality "1"]

1. e4 e5 2. Bc4 Qf6 3. Nf3 Bc5 4. 0-0 c6 5. d4 exd4 6. c3 dxc3 7. bxc3 d6 8. Bg5 Qg6 9. Qd2 Ne7 10. Rd1 d5 11. exd5 Qe4 12. dxc6 Nexc6 13. Bxf7+ Kxf7 14. Qd5+ Qxd5 15. Rxd5 b6 16. Ne5+ Nxe5 17. Rxe5 Bd6 18. Re3 Rf8 19. Rf3+ Kg8 20. Rxf8+ Bxf8 21. Nd2 Nc6 22. Ne4 Bf5 23. Re1 Re8 24. Nf6+ gxf6 25. Rxe8 fxg5 26. Re3 b5 27. Rf3 Be4 28. Rf6 a5 29. Re6 Nd8 30. Rxe4 Nb7 31. Re5 h6 32. Rxb5 Nd6 33. Rxa5 Bg7 34. Ra6 Nf5 35. c4 Bf8 36. Ra5 Nd4 37. c5 h5 38. c6 Nxc6 39. Rxg5+ Kf7 40. Rxh5 Nd4 41. a4 Nb3 42. a5 Kg6 43. Rb5 Nd4 44. Rb6+ Kf5 45. a6 Bc5 46. Rb7 Ne2+ 47. Kf1 Nf4 48. a7 Bxa7 49. Rxa7 Ke4 50. f3+ Ke3 51. Ra3+ Nd3 52. g3 Kd4 53. f4 Ke4 54. h4 Nc5 55. Ke2 Ne6 56. Ra4+ Kf5 57. h5 Nf8 58. h6 Kg4 59. Ra8 Nh7 60. Rh8 Nf6 61. h7 Kxg3 62. Rf8 Nxh7 63. Rf7 Kg4 64. Ke3 Ng5 65. Rg7 1-0

[Event "OP-2017-0-04335"]
[Site "LSS email"]
[Date "2017.04.27"]
[Round "?"]
[White "Lombardi, Donato"]
[Black "Montarolo, Luca"]
[Result "1-0"]
[WhiteElo "895"]
[BlackElo "437"]
[PlyCount "35"]
[EventDate "2017.04.21"]
[EventType "tourn (corr)"]
[EventRounds "4"]
[EventCountry "GER"]
[SourceTitle "Corr 2022"]
[Source "ChessBase"]
[SourceDate "2021.10.24"]
[SourceVersion "1"]
[SourceVersionDate "2021.10.24"]
[SourceQuality "1"]

1. e4 e5 2. Nf3 d6 3. d4 Bg4 4. dxe5 dxe5 5. Qxd8+ Kxd8 6. Nxe5 Be6 7. Bc4 Bxc4 8. Nxc4 Bb4+ 9. Bd2 Bxd2+ 10. Nbxd2 Nd7 11. 0-0 Ne7 12. Rfe1 Nc5 13. Rad1 Ke8 14. e5 Rd8 15. Nb3 Rxd1 16. Rxd1 Nf5 17. Nxc5 b6 18. Na6 1-0

[Event "SN-2017-0-00845"]
[Site "LSS email"]
[Date "2017.04.26"]
[Round "?"]
[White "Ducharme, Steven"]
[Black "Montarolo, Luca"]
[Result "1-0"]
[WhiteElo "850"]
[BlackElo "437"]
[PlyCount "39"]
[EventDate "2017.04.02"]
[EventType "tourn (corr)"]
[EventRounds "6"]
[EventCountry "GER"]
[SourceTitle "Corr 2022"]
[Source "ChessBase"]
[SourceDate "2021.10.24"]
[SourceVersion "1"]
[SourceVersionDate "2021.10.24"]
[SourceQuality "1"]

1. e4 e5 2. Nf3 d6 3. d4 d5 4. Nxe5 dxe4 5. Bc4 Nh6 6. Bxh6 Be6 7. Bxe6 fxe6 8. Qh5+ g6 9. Nxg6 hxg6 10. Qxg6+ Kd7 11. Bxf8 Qxf8 12. Qxe4 Qf7 13. 0-0 Qg7 14. Nc3 Rg8 15. Rae1 Nc6 16. Qxe6+ Kd8 17. g3 Nxd4 18. Qd5+ Qd7 19. Qxg8+ Qe8 20. Qxe8# 1-0

[Event "ZN-2016-0-03247"]
[Site "LSS email"]
[Date "2016.01.20"]
[Round "?"]
[White "Duker, Jan"]
[Black "Montarolo, Luca"]
[Result "0-1"]
[WhiteElo "395"]
[BlackElo "451"]
[PlyCount "20"]
[EventDate "2016.01.14"]
[EventType "match (corr)"]
[EventRounds "2"]
[EventCountry "GER"]
[SourceTitle "Corr 2022"]
[Source "ChessBase"]
[SourceDate "2021.10.24"]
[SourceVersion "1"]
[SourceVersionDate "2021.10.24"]
[SourceQuality "1"]

1. e4 e5 2. c4 d5 3. cxd5 Bb4 4. Qb3 Qd6 5. Bb5+ Bd7 6. a4 c6 7. Bc4 cxd5 8. Qd3 dxc4 9. Qxc4 Nc6 10. Kd1 0-0-0 0-1

[Event "ZN-2015-0-03209"]
[Site "LSS email"]
[Date "2015.12.16"]
[Round "?"]
[White "Hoffmann, Thomas"]
[Black "Montarolo, Luca"]
[Result "1-0"]
[WhiteElo "800"]
[BlackElo "461"]
[PlyCount "41"]
[EventDate "2015.12.09"]
[EventType "match (corr)"]
[EventRounds "2"]
[EventCountry "GER"]
[SourceTitle "Corr 2022"]
[Source "ChessBase"]
[SourceDate "2021.10.24"]
[SourceVersion "1"]
[SourceVersionDate "2021.10.24"]
[SourceQuality "1"]

1. e4 e5 2. f4 exf4 3. Nf3 d6 4. Bc4 Be6 5. Bxe6 fxe6 6. d4 d5 7. Bxf4 dxe4 8. Ne5 Bb4+ 9. c3 Bd6 10. Qh5+ g6 11. Nxg6 hxg6 12. Qxh8 Kf8 13. Bh6+ Kf7 14. 0-0+ Ke7 15. Bg5+ Nf6 16. Qxf6+ Kd7 17. Qxd8+ Kc6 18. Qe8+ Kb6 19. Nd2 e3 20. Nc4+ Ka6 21. Qa4# 1-0

[Event "OP-2015-0-03838"]
[Site "LSS email"]
[Date "2015.10.10"]
[Round "?"]
[White "Montarolo, Luca"]
[Black "Barros Uriburu, Nicolas"]
[Result "0-1"]
[WhiteElo "509"]
[BlackElo "1109"]
[PlyCount "68"]
[EventDate "2015.10.05"]
[EventType "tourn (corr)"]
[EventRounds "4"]
[EventCountry "GER"]
[SourceTitle "Corr 2022"]
[Source "ChessBase"]
[SourceDate "2021.10.24"]
[SourceVersion "1"]
[SourceVersionDate "2021.10.24"]
[SourceQuality "1"]

1. e4 c5 2. Nf3 Nc6 3. Bb5 d6 4. 0-0 Bd7 5. d3 e6 6. Bg5 f6 7. Bf4 Qb6 8. c4 a6 9. Bxc6 Bxc6 10. b3 e5 11. Be3 Ne7 12. Nfd2 Qc7 13. Nc3 b5 14. cxb5 axb5 15. Qh5+ g6 16. Qe2 b4 17. Nd1 Bg7 18. Nb2 0-0 19. Nbc4 f5 20. exf5 Nxf5 21. Bg5 Nd4 22. Qd1 d5 23. Ne3 e4 24. dxe4 dxe4 25. Qg4 h5 26. Qe6+ Nxe6 27. Bh4 Bxa1 28. Rxa1 Nd4 29. Rc1 Ne2+ 30. Kh1 Nxc1 31. f3 Rxa2 32. fxe4 Rxd2 33. g3 Bxe4+ 34. Kg1 Ne2# 0-1

[Event "RN-2014-0-00812"]
[Site "LSS email"]
[Date "2014.06.17"]
[Round "?"]
[White "Raines, David T"]
[Black "Montarolo, Luca"]
[Result "1-0"]
[WhiteElo "1016"]
[BlackElo "578"]
[PlyCount "27"]
[EventDate "2014.06.11"]
[EventType "tourn (corr)"]
[EventRounds "6"]
[EventCountry "GER"]
[SourceTitle "Corr 2022"]
[Source "ChessBase"]
[SourceDate "2021.10.24"]
[SourceVersion "1"]
[SourceVersionDate "2021.10.24"]
[SourceQuality "1"]

1. c4 e5 2. Nc3 Nc6 3. Nf3 Qe7 4. e4 d6 5. d4 exd4 6. Nxd4 Nh6 7. Nxc6 bxc6 8. Bxh6 gxh6 9. g3 Bg7 10. Bg2 0-0 11. 0-0 Bxc3 12. bxc3 d5 13. cxd5 cxd5 14. exd5 1-0

[Event "LSS No Engine Cup 110 Preliminary 0"]
[Site "LSS email"]
[Date "2014.05.16"]
[Round "?"]
[White "Montarolo, Luca"]
[Black "Zens, Rolf"]
[Result "0-1"]
[WhiteElo "1012"]
[BlackElo "1638"]
[PlyCount "26"]
[EventDate "2014.05.17"]
[EventType "tourn (corr)"]
[EventRounds "6"]
[EventCountry "GER"]
[SourceTitle "Corr 2022"]
[Source "ChessBase"]
[SourceDate "2021.10.24"]
[SourceVersion "1"]
[SourceVersionDate "2021.10.24"]
[SourceQuality "1"]

1. e4 c5 2. Bb5 a6 3. Bc4 d6 4. Nf3 Nf6 5. 0-0 e6 6. d4 cxd4 7. Nxd4 Be7 8. Bg5 0-0 9. Bxf6 Bxf6 10. c3 Qc7 11. Nd2 b5 12. Bd3 Bb7 13. Qf3 Nd7 0-1